Ballon d'Or 1981 - Statistiken

Allgemein
  • Dieses Quiz wurde 22 mal gespielt
  • Das Durchschnittsergebnis liegt bei 8 aus 34
Antwortstatistiken
Platz Spieler Verein/e Nation Punkte % Korrekt
1. Karl-Heinz Rummenigge FC Bayern München Deutschland 106
95%
3. Bernd Schuster FC Barcelona Deutschland 39
81%
6. Dino Zoff Juventus Turin Italien 13
71%
16. Horst Hrubesch Hamburger SV Deutschland 5
71%
2. Paul Breitner FC Bayern München Deutschland 64
71%
11. Bruno Pezzey Eintracht Frankfurt Österreich 6
57%
21. Kenny Dalglish FC Liverpool Schottland 3
57%
11. Zbigniew Boniek Widzew Lódz Polen 6
52%
4. Michel Platini AS Saint-Étienne Italien 36
48%
28. Grzegorz Lato KSC Lokeren Polen 2
38%
5. Oleg Blokhin FC Dynamo Kiew Sowjetunion 14
38%
32. Uli Stielike Real Madrid Deutschland 1
33%
21. Jan Ceulemans Club Brügge Belgien 3
24%
21. Bryan Robson West Bromwich Albion/Manchester United England 3
19%
21. Giancarlo Antognoni AC Florenz Italien 3
10%
9. John Wark Ipswich Town Schottland 7
10%
9. Liam Brady Juventus Turin Irland 7
10%
11. Maxime Bossis FC Nantes Frankreich 6
10%
16. Vladimir Petrovic Roter Stern Belgrad Jugoslawien 5
10%
8. Alexandr Chivadze FC Dinamo Tiflis Sowjetunion 9
5%
11. David Kipiani FC Dinamo Tiflis Sowjetunion 6
5%
16. Ruud Krol SSC Neapel Niederlande 5
5%
28. Tibor Nyilasi Ferencváros Budapest Ungarn 2
5%
19. Zlatko Vujovic Hajduk Split Jugoslawien 4
5%
11. András Törocsik Ùjpest FC Ungarn 6
0%
32. António Oliveira FC Penafiel/Sporting Lissabon Portugal 1
0%
21. Frank Stapleton FC Arsenal/Manchester United Irland 3
0%
28. Frans Thijssen Ipswich Town Niederlande 2
0%
32. Jesús Zamora Real Sociedad San Sebastian Spanien 1
0%
21. Luis Arconada Real Sociedad Spanien 3
0%
7. Ramaz Shengelia FC Dinamo Tiflis Sowjetunion 10
0%
19. Trevor Brooking West Ham United England 4
0%
21. Wilfried Van Moer KSK Beveren Belgien 3
0%
28. Wlodzimierz Smolarek Widzew Lódz Polen 2
0%
Keine übereinstimmenden Quizze gefunden
Verteilung der Resultate
Anzahl Personen mit jedem Resultat
Perzentil nach korrekt beantworteten Fragen
Ihre Resultats-Entwicklung
Sie haben dieses Quiz noch nicht gespielt